| 000 | 00855nam a22002417a 4500 | ||
|---|---|---|---|
| 999 |
_c20516 _d20516 |
||
| 003 | AR-CdUCM | ||
| 008 | 190502b ||||| |||| 00| 0 spa d | ||
| 040 |
_aMUNICIPALIDAD PROVINCIAL DEL CUSCO _cBIBLIOTECA MUNICIPAL DEL CUSCO |
||
| 082 |
_a985.009 / _bAL47 |
||
| 100 |
_aAlva Orlandini, Hernan _935590 |
||
| 245 | _aBartolomé Herrera / | ||
| 260 |
_aLima : _bInca, _c1964. |
||
| 300 |
_a111 páginas ; _c20 cm. _bDibujos de personajes, |
||
| 440 |
_a2, Biblioteca Hombres del Perú _942884 |
||
| 500 | _a[libro reempastado] | ||
| 505 | _aContenido: Bartolomé Herrera -- José Galvez -- Visión del Perú... | ||
| 650 |
_aPerú del siglo XIX _942885 |
||
| 650 |
_aHistoria peruana _91316 |
||
| 650 |
_aHombres eclesiásticos peruanos _942886 |
||
| 700 |
_ade La Puente, José A.y Villanueva, Elena _942887 |
||
| 942 |
_2ddc _cLIBROS |
||
| 945 | _aAndy | ||